000 00240nam a22001097a 4500
020 _a9789695736081
082 _a398.2
_bTHI
245 _aAli baba and the forty thieves
260 _aLahore:
_bJBD Press,
563 _aPB
942 _2ddc
_cBK
999 _c614876
_d614876